000 00835nas a2200277 4500
001 BR9209761
003 BR-BrBNA
005 20231205093327.0
007 ta
008 230509b bl.|||p| |||| 00| 00por d
040 _aBR-BrBNA
_bpor
_cBiblioteca Nacional de Agricultura
041 _a(Pt)
072 _aQ02; Q04
100 1 _aFinardi Filho, F.
100 1 _aLajolo, F.M.
245 1 _aIdentificacao eletroforetica de inibidor alfa - amilase em geis de poliacrilamida - amilopectina
650 _aFEIJAO
650 _aTRIGO
650 _aLENTILHA
650 _aTRITICALE
650 _aELETROFORESE
650 _aANALISE QUIMICA
773 0 _tCiencia e Tecnologia de Alimentos (Brazil)
_xISSN 0101-2061
_g(Jan-Jun 1982), v. 2(1) p. 21-32
_wBR9209761
909 _a202311
_bLúcia
_c55
_dLúcia Elande
942 _2AGRIS
_n0
_cANA
999 _c137549
_d137549